Bản lĩnh trong kinh doanh và cuộc sống = As I see it
Sparad:
| Huvudupphovsman: | |
|---|---|
| Materialtyp: | Bok |
| Språk: | Undetermined |
| Publicerad: |
Tp. HCM
Chính trị quốc gia
1994
|
| Ämnen: | |
| Taggar: |
Lägg till en tagg
Inga taggar, Lägg till första taggen!
|
| Thư viện lưu trữ: | Trung tâm Học liệu Trường Đại học Cần Thơ |
|---|
| LEADER | 00544nam a2200181Ia 4500 | ||
|---|---|---|---|
| 001 | CTU_5243 | ||
| 008 | 210402s9999 xx 000 0 und d | ||
| 082 | |a 158.4 | ||
| 082 | |b M394 | ||
| 100 | |a Konosuke Matsusshita | ||
| 245 | 0 | |a Bản lĩnh trong kinh doanh và cuộc sống | |
| 245 | 0 | |b = As I see it | |
| 245 | 0 | |c Konosuke Matsusshita, Thanh Bình dịch | |
| 260 | |a Tp. HCM | ||
| 260 | |b Chính trị quốc gia | ||
| 260 | |c 1994 | ||
| 650 | |a psychology, applied | ||
| 980 | |a Trung tâm Học liệu Trường Đại học Cần Thơ | ||